000 00397nam a22001337a 4500
005 20250901165815.0
008 250328b |||||||| |||| 00| 0 eng d
020 _a9789966510235
050 _aPL 8704 .H36 2014
245 _aPaka wa Binti Hatibu na Hadithi Nyingine
_bMichapo ya kusisimua
_cYussuf Shoka Hamad
260 _aNairobi:
_bJKF,
_c2014.
300 _ax, 79 p.:
_bill.;
_c21 cm.
942 _2lcc
999 _c9470
_d9470